000 00490nam a2200181Ia 4500
001 4278
005 20260306145744.0
008 260306t2002||||xx |||||||||||||| ||spa||
041 _aESP
082 _a320.1
_bP71
100 _aPocok, J.G.A.
_eAUT
245 0 _aEl momento maquiavélico :
_bel pensamiento político florentino y la tradición republicana atlántica
260 _c2002
300 _a668 páginas :
_c23 cm.
650 _aGEN
654 _aCDE
942 _cLIB
_dJUS
_fJUS
_2ddc
_n
999 _c4278
_d4278